Vista normal
Vista MARC
Entrada Materia (personas)
Número de registros utilizados en: 1
001 - CONTROL NUMBER
- control field: 93560
003 - CONTROL NUMBER IDENTIFIER
- control field: Co-BoUCM
005 - DATE AND TIME OF LATEST TRANSACTION
- control field: 20180906121521.0
008 - FIXED-LENGTH DATA ELEMENTS
- fixed length control field: 180906|| aca||aabn | a|a d
040 ## - CATALOGING SOURCE
- Original cataloging agency: Co-BoUCM
- Transcribing agency: Co-BoUCM
100 ## - HEADING--PERSONAL NAME
- Personal name: Collins, Randall
- Dates associated with a name: 1941-
- General subdivision: Crítica e interpretación
670 ## - SOURCE DATA FOUND
- Source citation: Work cat.: (Co-BoUCM)309754: Ritual, emotion, violence